| 000 | 00730cam a2200217 4500 | ||
|---|---|---|---|
| 008 | 030210n1999 000 0 eng u | ||
| 020 | _a011322138X | ||
| 035 | _a(Sirsi) u121314 | ||
| 050 |
_a692.8 _c18 |
||
| 110 |
_aNHS Estates _92893 |
||
| 245 | _aGuide to the JCT Standard Form of Building Contract 1998 edition local authorities (as amended) | ||
| 260 |
_aLondon _bHMSO _c1999 |
||
| 300 |
_a160p. _c30cm. |
||
| 350 | _a75 | ||
| 520 | _aForms part of the "Concode" set of documents. | ||
| 650 | _aBUILT ENVIRONMENT-BUILDING CONTRACT FORMS | ||
| 650 | _aJCT STANDARD FORM OF BUILDING CONTRACT (1998 EDITION) | ||
| 650 | _aNATIONAL HEALTH SERVICE | ||
| 690 | _aBUILT ENVIRONMENT-BUILDING CONTRACT FORMS | ||
| 942 | _n0 | ||
| 999 |
_c102655 _d102655 |
||